LEADER 02732nam 2200565 a 450 001 9910460878203321 005 20200520144314.0 010 $a1-283-13432-2 010 $a9786613134325 010 $a0-19-978179-6 035 $a(CKB)2670000000095210 035 $a(EBL)728707 035 $a(OCoLC)732067183 035 $a(SSID)ssj0000522378 035 $a(PQKBManifestationID)12178409 035 $a(PQKBTitleCode)TC0000522378 035 $a(PQKBWorkID)10528506 035 $a(PQKB)10065204 035 $a(MiAaPQ)EBC728707 035 $a(Au-PeEL)EBL728707 035 $a(CaPaEBR)ebr10477973 035 $a(CaONFJC)MIL313432 035 $a(EXLCZ)992670000000095210 100 $a20110222d2011 uy 0 101 0 $aeng 135 $aur|n|---||||| 181 $ctxt 182 $cc 183 $acr 200 14$aThe essay film$b[electronic resource] $efrom Montaigne, after Marker /$fTimothy Corrigan 210 $aNew York $cOxford University Press$d2011 215 $a1 online resource (244 p.) 300 $aDescription based upon print version of record. 311 $a0-19-978170-2 311 $a0-19-978169-9 320 $aIncludes bibliographical references and index. 327 $aIntroduction: of film and the essayistic -- Toward the essay film. On thoughts occasioned by Montaigne to Marker -- Of the history of the essay film: from Vertov, to Varda -- Essayistic thinking. About portraying expression: the essay film as inter-view -- To be elsewhere: cinematic excursions as essayistic travel -- On essayistic diaries: or, the velocities of non-place -- Of the currency of events: the essay film as editorial -- About refractive cinema: when films interrogate films. 330 $aWhy have certain kinds of documentary and non-narrative films emerged as the most interesting, exciting, and provocative movies made in the last twenty years? Ranging from the films of Ross McElwee (Bright Leaves) and Agnes Varda (The Gleaners and I) to those of Abbas Kiarostami (Close Up) and Ari Folman (Waltz with Bashir), such films have intrigued viewers who at the same time have struggled to categorize them. Sometimes described as personal documentaries or diary films, these eclectic works are, rather, best understood as cinematic variations on the essay. So argues Tim Corrigan in this st 606 $aExperimental films$xHistory and criticism 608 $aElectronic books. 615 0$aExperimental films$xHistory and criticism. 676 $a791.43/611 700 $aCorrigan$b Timothy$0909545 801 0$bMiAaPQ 801 1$bMiAaPQ 801 2$bMiAaPQ 906 $aBOOK 912 $a9910460878203321 996 $aThe essay film$92035162 997 $aUNINA LEADER 01140nam0-22003251i-450 001 990008094410403321 005 20240201133107.0 035 $a000809441 035 $aFED01000809441 035 $a(Aleph)000809441FED01 035 $a000809441 100 $a20050420f19..----km-y0itay50------ba 101 0 $aita 102 $aIT 105 $aaef-----001yy 200 1 $aRoma al tempo di Clemente VIII$epianta di Roma di Antonio Tempesta del 1593 riprodotta da una copia vaticana del 1606$fcon introduzione di Francesco Ehrle 210 $aCittą del Vaticano$cBiblioteca Apostolica Vaticana$d[19..] 215 $a12 p., 12 c. di tav.$cill.$d35 cm 225 1 $a<>piante maggiori di Roma dei sec. 16. e 17., riprodotte in fototipia a cura della Biblioteca Vaticana$v3 610 0 $aRoma$aCartografia 610 0 $aRoma$aPiante$a1593 700 1$aTempesta,$bAntonio$f<1555-1630>$0294662 702 1$aEhrle,$bFranz 801 0$aIT$bUNINA$gRICA$2UNIMARC 901 $aBK 912 $a990008094410403321 952 $aG.F 181$b2943$fDARST 959 $aDARST 996 $aRoma al tempo di Clemente VIII$93871547 997 $aUNINA